Speaking in public how to prepare yourself to speak successfully in public whatever the occasion

Guardado en:
Detalles Bibliográficos
Autor principal: Lévy-Bonvin, Jacques
Formato: Libro
Lenguaje:inglés
Publicado: [Zurich] [Jacques Lévy-Bonvin] [2001]
Edición:2nd ed.
Materias:
Etiquetas: Agregar Etiqueta
Sin Etiquetas, Sea el primero en etiquetar este registro!

MARC

LEADER 00000nam a2200000 4500
001 0127633
005 20231215114952.2
041 0 |a eng 
044 |a CH 
245 1 0 |a Speaking in public  |b how to prepare yourself to speak successfully in public whatever the occasion  |c Jacques Lévy-Bonvin 
250 |a 2nd ed. 
264 1 |a [Zurich]  |b [Jacques Lévy-Bonvin]  |c [2001] 
300 |a 108 s. 
610 2 0 |a prezentácia 
610 2 0 |a sebavýchova 
610 2 0 |a prednášatelia 
610 2 0 |a komunikácia 
610 2 0 |a komunikácia neverbálna 
610 2 0 |a komunikácia verbálna 
100 1 |a Lévy-Bonvin, Jacques